LEADER 01072nam--2200361---450- 001 990003563250203316 005 20110913083609.0 010 $a978-88-430-5786-3 035 $a000356325 035 $aUSA01000356325 035 $a(ALEPH)000356325USA01 035 $a000356325 100 $a20110912d2011----km-y0itay50------ba 101 0 $aita 102 $aIT 105 $aa---||||001yy 200 1 $a<> metamorfosi di Atlantide$estorie scientifiche e immaginarie da Platone a Walt Disney$fMarco Ciardi 210 $aRoma$cCarocci$d2011 215 $a182 p.$cill.$d21 cm 225 2 $aQuality paperbacks$v342 410 0$12001$aQuality paperbacks$v342 606 0 $aAtlantide$2BNCF 676 $a001.94 700 1$aCIARDI,$bMarco$061439 801 0$aIT$bsalbc$gISBD 912 $a990003563250203316 951 $aII.6. 1391$b232796 L.M.$cII.6.$d00298792 959 $aBK 969 $aUMA 979 $aPASSARO$b90$c20110912$lUSA01$h1247 979 $aPASSARO$b90$c20110913$lUSA01$h0836 996 $aMetamorfosi di Atlantide$9238117 997 $aUNISA LEADER 02494nam 2200565 a 450 001 9910780172803321 005 20230207223005.0 010 $a0-585-41471-8 035 $a(CKB)111056486856554 035 $a(OCoLC)613372865 035 $a(CaPaEBR)ebrary10005707 035 $a(SSID)ssj0000157156 035 $a(PQKBManifestationID)11155873 035 $a(PQKBTitleCode)TC0000157156 035 $a(PQKBWorkID)10131528 035 $a(PQKB)11072405 035 $a(MiAaPQ)EBC3410336 035 $a(Au-PeEL)EBL3410336 035 $a(CaPaEBR)ebr10005707 035 $a(OCoLC)923424568 035 $a(EXLCZ)99111056486856554 100 $a20000412d2000 uy 0 101 0 $aeng 135 $aurcn||||||||| 181 $ctxt 182 $cc 183 $acr 200 10$aForging the tortilla curtain$b[electronic resource] $ecultural drift and change along the United States-Mexico border, from the Spanish era to the present /$fby Thomas Torrans 210 $aFort Worth $cTCU Press$dc2000 215 $a1 online resource (439 p.) 300 $aBibliographic Level Mode of Issuance: Monograph 311 $a0-87565-231-X 320 $aIncludes bibliographical references (p. 383-403) and index. 327 $aForeword: Mobility and myth -- Part One: The economics of space -- Mexico in America -- Borderland -- Priests and presidios -- Fiefs and filibusters -- Land of the dispossessed -- Windfall of the wild horse desert -- Part Two: Dividing the continent -- Corridor to the Pacific -- Americanizing Mexico -- "Down to Mexico to serve mankind" -- Part Three: A disparate unity -- Bounties and barriers -- From the palm of God's hand -- Oriental opium and Mexican marijuana -- Politics and profits of the "War on Drugs" -- Sin fronteras: toward a borderless world -- Epilog: Containment and commitment -- Notes -- Selected readings. 606 $aAcculturation$zMexican-American Border Region$xHistory 606 $aSocial change$zMexican-American Border Region$xHistory 607 $aMexican-American Border Region$xHistory 607 $aUnited States$xRelations$zMexico 607 $aMexico$xRelations$zUnited States 615 0$aAcculturation$xHistory. 615 0$aSocial change$xHistory. 676 $a972/.1 700 $aTorrans$b Thomas$01578827 801 0$bMiAaPQ 801 1$bMiAaPQ 801 2$bMiAaPQ 906 $aBOOK 912 $a9910780172803321 996 $aForging the tortilla curtain$93858507 997 $aUNINA